Normal view
MARC view
Entry Personal Name
001 - CONTROL NUMBER
- control field: 61819
003 - CONTROL NUMBER IDENTIFIER
- control field: OSt
005 - DATE AND TIME OF LATEST TRANSACTION
- control field: 20160602162333.0
008 - FIXED-LENGTH DATA ELEMENTS
- fixed length control field: 160602|| aca||aabn | a|a d
040 ## - CATALOGING SOURCE
- Original cataloging agency: OSt
- Transcribing agency: OSt
100 ## - HEADING--PERSONAL NAME
- Personal name: साहिल, संजीव मनोहर
670 ## - SOURCE DATA FOUND
- Source citation: Work cat.: (OSt)18525: साहिल, संजीव मनोहर , मास्टर ब्लास्टर सचिन तेंदुलकर , 2004









